| 000 | 00501nam a2200145Ia 4500 | ||
|---|---|---|---|
| 008 | 231129s2011||||xx |||||||||||||| ||spa|| | ||
| 020 | _a978-958-740-048-9 | ||
| 040 | _bspa | ||
| 082 | _a636.2 A327s | ||
| 100 | _aAlbarracín Calderón Luis Carlos | ||
| 245 | 0 | _aSuplementación para bovinos de carne a partir del enriquecimiento proteico del bagazo de caña por acción del hongo Pleurotus ostreatus | |
| 260 | _c2011 | ||
| 264 | _aCorpoica | ||
| 942 |
_2ddc _cBKS |
||
| 999 |
_c24940 _d24940 |
||